Tabák /

Hlavní autor: Dimov, Dimităr Todorov, 1909-1966
Další autoři: Maxová, Alena, 1920-2013, Mikulová, Milada, 1926-
Jazyk: Čeština
Vydáno: Praha : Odeon, 1977
Vydání: 1. vyd.
Edice: Knižnice vítězství
Externí odkaz: Digitalizovaný dokument
Fyzický popis: 653 s., [16] s. barev. obr. příl. : il.
Knihy
Uloženo v:
LEADER 01216nam a22003252a 4500
001 001305967
003 CZ BrMZK
005 20260317080520.0
007 ta
008 130626s1977 xr af er|||||||||||cze d
015 |a cnb000124339 
035 |a (OCoLC)42181002 
040 |a ABA001  |b cze  |c CBA001  |d ABA001 
041 1 |a cze  |h bul 
080 9 |a 886.7-311.2 
100 1 |a Dimov, Dimităr Todorov,  |d 1909-1966  |7 jn19990001784  |4 aut 
245 1 0 |a Tabák /  |c Dimitr Dimov ; z bulharského originálu ... přel. a vysvětl. opatřila Alena Maxová ; ilustr. Milada Mikulová 
250 |a 1. vyd. 
260 |a Praha :  |b Odeon,  |c 1977 
300 |a 653 s., [16] s. barev. obr. příl. :  |b il. 
490 1 |a Knižnice vítězství 
700 1 |a Maxová, Alena,  |d 1920-2013  |7 jk01080927  |4 trl  |4 edt 
700 1 |a Mikulová, Milada,  |d 1926-  |7 jk01081652  |4 ill 
765 0 |t Tjutjun  |9 Česky 
830 0 |a Knižnice vítězství  |0 s 
856 4 1 |u http://www.digitalniknihovna.cz/mzk/uuid/uuid:275ad600-631e-11e3-ae59-005056827e52  |y Digitalizovaný dokument  |x NDK 
910 |a BOA001  |b 2-0450.569-77 
990 |a BK 
991 |b 201306 
996 6 |b 2619577328  |c 2-0450.569-77  |l MZK  |r Sklad / do 24 hodin  |n 3  |w 001340722  |u 000010  |a 1  |e BOA001  |j MZK50  |s P